| 000 | 00767nam a2200193 a 4500 | ||
|---|---|---|---|
| 005 | 20210223130259.0 | ||
| 008 | 070924s1993 mx r 000 0 spa d | ||
| 020 | _a2908855135 | ||
| 035 | _aUPN01000152225 | ||
| 049 | _aCG | ||
| 050 | 4 |
_aRC450 F8 _bD6.3 |
|
| 100 | 1 |
_aDowbiggin, Ian Robert, _d1952- _933065 |
|
| 245 | 1 | 3 |
_aLa folie Héréditaire ou comment la psychiatrie francaise s'est constituée en un corps de savoir et de pouvoir dans la seconde moitié du XIX' siècle / _cIan Dowbiggin ; tr. de l'américain par Guy Le Gaufey. |
| 260 |
_aParís : _bE.P.E.L., _c1993. |
||
| 300 | _a229 p. | ||
| 650 | 4 |
_aPSIQUIATRIA - _zFRANCIA - _xHISTORIA - _ySIGLO XIX _921578 |
|
| 650 | 4 |
_aENFERMEDADES MENTALES - _zFRANCIA - _xHISTORIA - _ySIGLO XIX _921577 |
|
| 905 | _aLibro | ||
| 999 |
_c124348 _d124348 |
||